书目信息 |
| 题名: |
广西岑王老山自然保护区生物多样性保护研究
|
|
| 作者: | 谭伟福 | |
| 分册: | ||
| 出版信息: | 北京 中国环境科学出版社 2005 |
|
| 页数: | 353 | |
| 开本: | 29cm | |
| 丛书名: | ||
| 单 册: | ||
| 中图分类: | S75 | |
| 科图分类: | ||
| 主题词: | 森林经营 , 森林--计测学 , 森林经理 , 林业经营 | |
| 电子资源: | ||
| ISBN: | 7-80209-159-4 | |
| 000 | 00661nam0 2200217 450 | |
| 001 | 0736775523 | |
| 005 | 20070929101255.51 | |
| 010 | @a7-80209-159-4@d¥68.00 | |
| 100 | @a20070929d km y0chiy0120 ea | |
| 101 | 0 | @achi |
| 200 | 1 | @a广西岑王老山自然保护区生物多样性保护研究@Aguang xi cen wang lao shan zi ran bao hu qu sheng wu duo yang xing bao hu yan jiu@f谭伟福@Ftan wei fu |
| 210 | @a北京@c中国环境科学出版社@d2005 | |
| 215 | @a353@c彩图@d29cm | |
| 606 | 0 | @a森林经营 |
| 606 | 0 | @a森林@x计测学 |
| 606 | 0 | @a森林经理 |
| 606 | 0 | @a林业经营 |
| 690 | @aS75@v3 | |
| 701 | 0 | @a谭伟福@Atan wei fu |
| 801 | 0 | @aCN@bPFT@c20070929 |
| 905 | @a213230@dS75@en2@f1 | |
| 广西岑王老山自然保护区生物多样性保护研究/谭伟福.-北京:中国环境科学出版社,2005 |
| 353:彩图;29cm |
| ISBN 7-80209-159-4:¥68.00 |
| ● |
| 相关链接 |
|
|
|
|
正题名:广西岑王老山自然保护区生物多样性保护研究
索取号:S75/n2
 
预约/预借
| 序号 | 登录号 | 条形码 | 馆藏地/架位号 | 状态 | 备注 |
| 1 | 6602523 | 266025240 | 生命科学系资料室/ [索取号:S75/n2] | 在馆 |